MARC

LEADER 00000nam0a2200000 4500
001 125402
005 20231031131338.0
010 |a 0761944958 
035 |a (RuTPU)RU\TPU\book\135701 
090 |a 125402 
100 |a 20071115d2005 k y0engy50 ba 
101 0 |a eng 
102 |a GB 
105 |a y z 001zy 
200 1 |a Introduction to Globalization and Business  |e Relationships and Responsibilities  |f B. Parker 
210 |a London  |c Sage Publications  |d 2005 
215 |a 523 p. 
320 |a References: p. 485-516. 
320 |a Index: p. 517-523. 
610 1 |a экономика 
610 1 |a политика 
610 1 |a бизнес 
610 1 |a глобализм 
610 1 |a глобализация 
610 1 |a мировая экономика 
610 1 |a глобальные проблемы 
610 1 |a английский язык 
686 |a У5  |v LBC/SL-A  |2 rubbk 
700 1 |a Parker  |b B.  |g Barbara 
801 1 |a RU  |b 63413507  |c 20071115  |g PSBO 
801 2 |a RU  |b 63413507  |c 20071123  |g PSBO 
942 |c BK